|
|
|
|
| LEADER |
01051nam a22002657a 4500 |
| 001 |
41216 |
| 003 |
BD-DhAAL |
| 005 |
20230518105859.0 |
| 008 |
230517t2007 ko a|||| |||| 00| 0 kor d |
| 020 |
|
|
|a 9788901068404
|
| 040 |
|
|
|a BD-DhAAL
|d BD-DhAAL
|
| 082 |
|
|
|a 160
|2 22
|
| 100 |
|
|
|a Kim, Yongkyu.
|9 54265
|
| 245 |
|
|
|a The logic of persuasion :
|b 10 logic tools to train your speech and writing /
|c Yongkyu Kim.
|
| 260 |
|
|
|a Seoul, Korean :
|b Woongjin Knowledge House,
|c 2007.
|
| 300 |
|
|
|a 333 pages :
|b illustrations ;
|c 23 cm.
|
| 541 |
|
|
|a Complimentary copy from Dr. Sang Hoon Lee, Dean of Brac Business School, Brac University
|e 41216
|
| 650 |
|
|
|a Logic.
|
| 650 |
|
|
|a Persuasion (Rhetoric).
|
| 650 |
|
|
|a Reasoning.
|
| 650 |
|
|
|a Korean language materials.
|9 54266
|
| 852 |
|
|
|a Ayesha Abed Library
|c General Stacks
|
| 942 |
|
|
|2 ddc
|c BK
|
| 999 |
|
|
|c 45768
|d 45768
|
| 952 |
|
|
|0 0
|1 0
|2 ddc
|4 0
|6 160_000000000000000_KIM
|7 0
|9 73646
|a BRACUL
|b BRACUL
|c GEN
|d 2023-05-17
|e Complimentary copy from Dr. Sang Hoon Lee
|l 0
|o 160 KIM
|p 3010041216
|r 2024-12-19
|t 1
|w 2023-05-17
|y BK
|